Elementary physical chemistry (Record no. 128130)

MARC details
000 -LEADER
fixed length control field 00445nam a2200181Ia 4500
003 - CONTROL NUMBER IDENTIFIER
control field OSt
005 - DATE AND TIME OF LATEST TRANSACTION
control field 20260109164838.0
008 - FIXED-LENGTH DATA ELEMENTS--GENERAL INFORMATION
fixed length control field 210210b1927 xxu||||| |||| 00| 0 eng d
040 ## - CATALOGING SOURCE
Transcribing agency AL
082 ## - DEWEY DECIMAL CLASSIFICATION NUMBER
Classification number 544/174
100 ## - MAIN ENTRY--PERSONAL NAME
Personal name TAYLOR (Hugh S)
9 (RLIN) 250917
245 ## - TITLE STATEMENT
Title Elementary physical chemistry
260 ## - PUBLICATION, DISTRIBUTION, ETC.
Place of publication, distribution, etc. London
Name of publisher, distributor, etc. Macmillan & Co. Ltd.
Date of publication, distribution, etc. 1927
300 ## - PHYSICAL DESCRIPTION
Extent 531
690 ## - LOCAL SUBJECT ADDED ENTRY--TOPICAL TERM (OCLC, RLIN)
Topical term or geographic name as entry element Physical Chemistry
9 (RLIN) 250923
906 ## - LOCAL DATA ELEMENT F, LDF (RLIN)
a 009825
942 ## - ADDED ENTRY ELEMENTS (KOHA)
Source of classification or shelving scheme Dewey Decimal Classification
Koha item type Book
Holdings
Withdrawn status Lost status Damaged status Not for loan Collection code Home library Current library Shelving location Date acquired Cost, normal purchase price Total Checkouts Full call number Barcode Date last seen Price effective from Koha item type
      Rare Book   St Aloysius Library St Aloysius Library   02/17/2021 0.00   544/174 009825 02/17/2021 02/17/2021 Book